[Event "Madrid-ch Previa A"]
[Site "Madrid ESP"]
[Date "2016.02.08"]
[Round "1.1"]
[White "Vazquez Cabeza, Isaac"]
[Black "Cabañas Bravo, Juan Andres"]
[Result "1/2-1/2"]
[WhiteElo "1724"]
[BlackElo "2006"]
[PlyCount "65"]
[EventDate "2016.02.08"]
[EventType "swiss"]
[EventRounds "9"]
[EventCountry "ESP"]
[SourceDate "2016.02.08"]

1. c4 Nf6 2. Nc3 d5 3. cxd5 Nxd5 4. g3 g6 5. Bg2 Nb6 6. Nf3 Bg7 7. O-O O-O 8.
d3 Na6 9. Be3 c6 10. Qd2 Re8 11. Rac1 Nc7 12. Ne4 Nbd5 13. Bd4 Bf8 14. Nc3 Ne6
15. Nxd5 Qxd5 16. Be3 Bg7 17. b3 Qb5 18. Rc4 Rd8 19. Rb4 Qa5 20. Rc4 Qc7 21.
Rfc1 Rd6 22. Ng5 Nxg5 23. Bxg5 e5 24. Qc2 Be6 25. Rc5 f6 26. Be3 Rdd8 27. Bd2
Qf7 28. Qb2 Bf8 29. R5c2 Bd5 30. Bxd5 Qxd5 31. Qc3 Ba3 32. Rd1 a5 33. Qc4
1/2-1/2

[Event "Madrid-ch Previa A"]
[Site "Madrid ESP"]
[Date "2016.02.08"]
[Round "1.2"]
[White "Ruiz Sanchez, Roberto"]
[Black "Serrano Gonzalez, Oscar"]
[Result "1-0"]
[WhiteElo "1965"]
[BlackElo "1718"]
[PlyCount "67"]
[EventDate "2016.02.08"]
[EventType "swiss"]
[EventRounds "9"]
[EventCountry "ESP"]
[SourceDate "2016.02.08"]

1. e4 c5 2. Nf3 d6 3. d4 cxd4 4. Nxd4 Nf6 5. Nc3 a6 6. Be2 e5 7. Nb3 Nbd7 8. a4
b6 9. O-O Bb7 10. Bf3 Be7 11. Be3 O-O 12. Qe2 Qc7 13. Rfd1 Rac8 14. Bg5 h6 15.
Bh4 Rfe8 16. Bg3 Bf8 17. h3 Qb8 18. Rd2 Qa8 19. Re1 Rc7 20. Qe3 Bc6 21. Bd1 Qa7
22. Be2 Rb8 23. Bc4 Rbc8 24. Bd3 Be7 25. f4 exf4 26. Bxf4 Ne5 27. Rf2 Bf8 28.
Bxh6 Nfg4 29. hxg4 Nxg4 30. Qg3 Nxh6 31. Nd4 Bd7 32. Nf5 Nxf5 33. exf5 b5 34.
Nd5 1-0

[Event "Madrid-ch Previa A"]
[Site "Madrid ESP"]
[Date "2016.02.08"]
[Round "1.3"]
[White "Guerrero Gonzalez, Francisco"]
[Black "Garcia Gutierrez, Jose"]
[Result "0-1"]
[WhiteElo "1706"]
[BlackElo "1928"]
[PlyCount "78"]
[EventDate "2016.02.08"]
[EventType "swiss"]
[EventRounds "9"]
[EventCountry "ESP"]
[SourceDate "2016.02.08"]

1. d4 Nf6 2. c4 e6 3. Nf3 d5 4. Bg5 c6 5. Nc3 dxc4 6. e4 b5 7. e5 h6 8. Bxf6
gxf6 9. Ne4 Bb4+ 10. Nfd2 Qxd4 11. Nxf6+ Ke7 12. Be2 Rd8 13. O-O Qxe5 14. Ng4
Qxb2 15. Nxc4 Rxd1 16. Nxb2 Rd2 17. Nd3 Rxe2 18. Nxb4 Re4 19. Nxc6+ Nxc6 20.
Nxh6 Bb7 21. f3 Re2 22. Ng4 Ne5 23. Nxe5 Rxe5 24. Rac1 Rc8 25. Rxc8 Bxc8 26.
Rc1 Kd7 27. Kf2 Bb7 28. h4 b4 29. Rb1 a5 30. a3 Rb5 31. axb4 axb4 32. h5 Bd5
33. h6 b3 34. Kg3 Ke7 35. Kf4 Kf6 36. g4 Kg6 37. g5 b2 38. h7 Kxh7 39. Ke5 Ba2+
0-1

[Event "Madrid-ch Previa A"]
[Site "Madrid ESP"]
[Date "2016.02.08"]
[Round "1.4"]
[White "Morona Minguez, Miguel"]
[Black "Jimenez Jimenez, Darfo"]
[Result "1-0"]
[WhiteElo "1927"]
[BlackElo "1706"]
[PlyCount "105"]
[EventDate "2016.02.08"]
[EventType "swiss"]
[EventRounds "9"]
[EventCountry "ESP"]
[SourceDate "2016.02.08"]

1. e4 e6 2. d4 d5 3. Nc3 Nf6 4. e5 Nfd7 5. f4 c5 6. Nf3 Nc6 7. Be3 cxd4 8. Nxd4
Nxd4 9. Bxd4 a6 10. Qd2 Qc7 11. O-O-O Bb4 12. a3 Bxc3 13. Bxc3 Nc5 14. Qe3 Bd7
15. Bd4 Rc8 16. b4 Na4 17. Bd3 Bb5 18. Bxb5+ axb5 19. Qd3 O-O 20. Kd2 Qd7 21.
Rb1 Rc4 22. Rb3 Rfc8 23. c3 Qd8 24. Qe3 Qh4 25. h3 Qd8 26. Rf1 R8c6 27. f5 exf5
28. Rxf5 Rg6 29. Qf3 Qd7 30. g4 Nb6 31. Rb1 Rc7 32. Rf1 Nc4+ 33. Ke2 Nxa3 34.
Bc5 Re6 35. Ra1 g6 36. Rf6 Rxe5+ 37. Kf2 Nc4 38. Ra8+ Re8 39. Rxe8+ Qxe8 40.
Qxd5 Ne5 41. Bd6 Nd7 42. Rxf7 Qxf7+ 43. Qxf7+ Kxf7 44. Bxc7 Ke6 45. Ke3 Nf6 46.
Kd4 Kd7 47. Be5 Ke6 48. Bxf6 Kxf6 49. Kc5 Kg5 50. Kxb5 Kh4 51. Kb6 Kxh3 52.
Kxb7 Kxg4 53. c4 1-0

[Event "Madrid-ch Previa A"]
[Site "Madrid ESP"]
[Date "2016.02.08"]
[Round "1.5"]
[White "Rodriguez Bachiller, Luis"]
[Black "Santamaria Baeza, Adolfo"]
[Result "0-1"]
[WhiteElo "1685"]
[BlackElo "1918"]
[PlyCount "58"]
[EventDate "2016.02.08"]
[EventType "swiss"]
[EventRounds "9"]
[EventCountry "ESP"]
[SourceDate "2016.02.08"]

1. e4 e5 2. Nf3 Nc6 3. Bb5 Qf6 4. Nc3 Nge7 5. O-O a6 6. Be2 h6 7. Re1 d6 8. h3
Be6 9. d3 Ng6 10. Nh2 Nd4 11. Bg4 Be7 12. Ne2 Nxe2+ 13. Qxe2 O-O 14. Rf1 d5 15.
Bxe6 fxe6 16. Ng4 Qh4 17. exd5 Rf5 18. d4 Raf8 19. dxe5 h5 20. d6 Bd8 21. dxc7
Bxc7 22. Qc4 hxg4 23. Qxe6+ Kh7 24. hxg4 Rxf2 25. Be3 Rxf1+ 26. Rxf1 Rxf1+ 27.
Kxf1 Bxe5 28. c3 Qg3 29. Qf5 Qxe3 0-1

[Event "Madrid-ch Previa A"]
[Site "Madrid ESP"]
[Date "2016.02.08"]
[Round "1.6"]
[White "Viñas Lopez, Carlos"]
[Black "Lizon Martinez, Santiago"]
[Result "1-0"]
[WhiteElo "1913"]
[BlackElo "1681"]
[PlyCount "113"]
[EventDate "2016.02.08"]
[EventType "swiss"]
[EventRounds "9"]
[EventCountry "ESP"]
[SourceDate "2016.02.08"]

1. d4 Nf6 2. Bg5 Ne4 3. Bf4 d5 4. e3 Bf5 5. Bd3 Bg6 6. c4 e6 7. Nc3 Nxc3 8.
bxc3 c6 9. Ne2 Be7 10. O-O O-O 11. Rb1 b6 12. Bxg6 hxg6 13. Qa4 dxc4 14. Qxc4
Qd5 15. Qa4 b5 16. Qc2 Nd7 17. c4 Qh5 18. Ng3 Qh4 19. cxb5 cxb5 20. Qc6 Nb6 21.
Rxb5 Rfc8 22. Qb7 Nd5 23. Ne2 Nxf4 24. Nxf4 Bd6 25. g3 Qf6 26. Qe4 Bxf4 27.
Qxf4 Qxf4 28. gxf4 Rc2 29. Ra5 Kf8 30. Kg2 Ke7 31. Rb1 Rc7 32. Rb4 Kf6 33. Rba4
Ke7 34. Kf3 f6 35. Ra6 Kf7 36. R4a5 f5 37. Kg3 Rd7 38. Kf3 Ke7 39. Ke2 Kf7 40.
a4 Ke7 41. Kd3 Rc7 42. Re5 Rac8 43. Rexe6+ Kf7 44. d5 Rc3+ 45. Ke2 Rc2+ 46. Kf3
Rb2 47. Rxa7+ Kg8 48. Rxg6 Rcc2 49. Rgxg7+ Kh8 50. Rg2 Rb1 51. d6 Rg1 52. Ra8+
Kh7 53. Rxg1 Rd2 54. Rf8 Rxd6 55. Rxf5 Rh6 56. a5 Kh8 57. a6 1-0

[Event "Madrid-ch Previa A"]
[Site "Madrid ESP"]
[Date "2016.02.08"]
[Round "1.9"]
[White "Diaz Begonte, Manuel"]
[Black "Ruiz Quevedo, Andres"]
[Result "0-1"]
[WhiteElo "1656"]
[BlackElo "1902"]
[PlyCount "53"]
[EventDate "2016.02.08"]
[EventType "swiss"]
[EventRounds "9"]
[EventCountry "ESP"]
[SourceDate "2016.02.08"]

1. e4 c5 2. d4 cxd4 3. c3 g6 4. Qxd4 Nf6 5. Be2 Nc6 6. Qe3 Bg7 7. Nd2 O-O 8. f4
d5 9. e5 Ng4 10. Bxg4 Bxg4 11. Ngf3 f6 12. e6 Qb6 13. Nd4 Nxd4 14. cxd4 Qxe6
15. Qxe6+ Bxe6 16. O-O Bf7 17. Nf3 Rfc8 18. Bd2 Rc4 19. Bc3 Rac8 20. Rfe1 e6
21. g4 R8c6 22. Nd2 Ra4 23. h3 Bh6 24. Rf1 e5 25. g5 exd4 26. Bxd4 Rxd4 27. Nb3
0-1

[Event "Madrid-ch Previa A"]
[Site "Madrid ESP"]
[Date "2016.02.08"]
[Round "1.10"]
[White "Rueda Maria, Ramiro"]
[Black "Martinez Miura, Enrique"]
[Result "1-0"]
[WhiteElo "1891"]
[BlackElo "1653"]
[PlyCount "45"]
[EventDate "2016.02.08"]
[EventType "swiss"]
[EventRounds "9"]
[EventCountry "ESP"]
[SourceDate "2016.02.08"]

1. c4 e6 2. d4 d5 3. Nc3 Nf6 4. Nf3 Be7 5. Bg5 c6 6. cxd5 exd5 7. e3 O-O 8. Bd3
Nbd7 9. O-O h6 10. Bh4 Re8 11. Rc1 Qb6 12. Qc2 Nh5 13. Bxe7 Rxe7 14. a3 a5 15.
Rb1 Qd8 16. b4 b5 17. Rfc1 Bb7 18. a4 bxa4 19. bxa5 Ba6 20. Bxa6 Rxa6 21. Nxa4
Qxa5 22. Nc5 Nxc5 23. Rb8+ 1-0

[Event "Madrid-ch Previa A"]
[Site "Madrid ESP"]
[Date "2016.02.08"]
[Round "1.11"]
[White "Bellagamba, Pascal"]
[Black "Lozano Sanchez, Jose Antonio"]
[Result "0-1"]
[WhiteElo "1652"]
[BlackElo "1883"]
[PlyCount "124"]
[EventDate "2016.02.08"]
[EventType "swiss"]
[EventRounds "9"]
[EventCountry "ESP"]
[SourceDate "2016.02.08"]

1. Nf3 f5 2. b3 Nf6 3. Bb2 e6 4. g3 Bc5 5. Bg2 d6 6. d4 Bb6 7. O-O O-O 8. Nbd2
Nbd7 9. c4 c5 10. e3 Rb8 11. Re1 Ne4 12. d5 Nxd2 13. Qxd2 e5 14. Qc2 Nf6 15.
Nd2 Ba5 16. Rf1 Qe8 17. a3 Bd8 18. b4 b6 19. Rae1 Qg6 20. Qa4 a6 21. Qc2 Qh5
22. f3 Rb7 23. Qd1 Qh6 24. Rf2 f4 25. exf4 exf4 26. g4 Nd7 27. Ne4 Bh4 28. Rfe2
Bxe1 29. Qxe1 b5 30. g5 Qg6 31. Bh3 bxc4 32. Be6+ Kh8 33. Nxd6 Rc7 34. Qc3 Nb6
35. Nxc8 Nxc8 36. Qxc4 Nb6 37. Qxa6 Nxd5 38. Qd6 Qxg5+ 39. Rg2 Qd8 40. Qxd5
Qxd5 41. Bxd5 Rd8 42. Bb3 c4 43. Bc2 c3 44. Bc1 Rc4 45. Re2 Rcd4 46. Kf2 h6 47.
b5 Kg8 48. a4 g5 49. h3 Kf7 50. Bb3+ Kf6 51. Ba3 R8d7 52. a5 Rd2 53. Bc1 Rxe2+
54. Kxe2 Ke5 55. a6 Kd6 56. Bc2 Kc5 57. Bd3 Kb6 58. Kd1 Rxd3+ 59. Ke2 Rd5 60.
Ba3 Rxb5 61. Bf8 Rd5 62. Ba3 Kxa6 0-1

[Event "Madrid-ch Previa A"]
[Site "Madrid ESP"]
[Date "2016.02.08"]
[Round "1.12"]
[White "Santos Garay-Cordovil, Salvado"]
[Black "Algaba Traspuesto, Jose Antonio"]
[Result "1-0"]
[WhiteElo "1873"]
[BlackElo "1635"]
[PlyCount "47"]
[EventDate "2016.02.08"]
[EventType "swiss"]
[EventRounds "9"]
[EventCountry "ESP"]
[SourceDate "2016.02.08"]

1. d4 d5 2. c4 c6 3. Nc3 Nf6 4. Bg5 e6 5. Nf3 Nbd7 6. e3 Qa5 7. Bxf6 Nxf6 8.
Nd2 Be7 9. Bd3 Bd7 10. O-O Rd8 11. Qc2 Qc7 12. f4 dxc4 13. Nxc4 Nd5 14. Qe2 O-O
15. Rac1 Qb8 16. Ne5 Bf6 17. e4 Ne7 18. Nxd7 Rxd7 19. e5 Bh4 20. Qh5 Nf5 21.
Bxf5 exf5 22. Qxh4 Rxd4 23. Rcd1 Qxe5 24. Qf2 1-0

[Event "Madrid-ch Previa A"]
[Site "Madrid ESP"]
[Date "2016.02.08"]
[Round "1.13"]
[White "Fernandez Martinez, Jose"]
[Black "Perez Cameselle, Francisco Jose"]
[Result "0-1"]
[WhiteElo "1632"]
[BlackElo "1858"]
[PlyCount "84"]
[EventDate "2016.02.08"]
[EventType "swiss"]
[EventRounds "9"]
[EventCountry "ESP"]
[SourceDate "2016.02.08"]

1. e4 e6 2. d4 d5 3. Nc3 Nf6 4. Bg5 dxe4 5. Nxe4 Be7 6. Nxf6+ Bxf6 7. Bxf6 Qxf6
8. Nf3 O-O 9. Bd3 c5 10. c3 cxd4 11. Nxd4 e5 12. Nb3 Nc6 13. O-O Bf5 14. Bxf5
Qxf5 15. Qe2 Rfd8 16. Rad1 b6 17. Rxd8+ Rxd8 18. Rd1 Rxd1+ 19. Qxd1 g6 20. h3
Qe6 21. Qd2 Kg7 22. Nc1 f5 23. b3 Kf6 24. h4 h5 25. Kf1 Ke7 26. Qg5+ Qf6 27.
Qxf6+ Kxf6 28. Ke2 e4 29. g3 Ne5 30. Ke3 Ng4+ 31. Ke2 Ne5 32. Ke3 g5 33. hxg5+
Kxg5 34. a4 Ng4+ 35. Ke2 f4 36. Kf1 fxg3 37. fxg3 Ne3+ 38. Kf2 Nd1+ 39. Kg2
Nxc3 40. Kf2 Kg4 41. Kg2 a5 42. Kf2 Kh3 0-1

[Event "Madrid-ch Previa A"]
[Site "Madrid ESP"]
[Date "2016.02.08"]
[Round "1.14"]
[White "Martin-Aragon Fernandez, Artur"]
[Black "Beekhof Harmsen, Willen"]
[Result "1-0"]
[WhiteElo "1849"]
[BlackElo "1626"]
[PlyCount "93"]
[EventDate "2016.02.08"]
[EventType "swiss"]
[EventRounds "9"]
[EventCountry "ESP"]
[SourceDate "2016.02.08"]

1. d4 Nf6 2. c4 g6 3. Nc3 d5 4. e3 Bg7 5. Qb3 c6 6. Nf3 O-O 7. Bd3 e6 8. O-O
dxc4 9. Bxc4 b5 10. Bd3 a5 11. Qc2 Bb7 12. Ne4 Na6 13. Bd2 Nd5 14. a3 f5 15.
Nc5 Nxc5 16. Qxc5 Rf7 17. Ne5 Rc7 18. Rfd1 Bf8 19. Qc2 c5 20. Rac1 cxd4 21. Qb1
dxe3 22. fxe3 Rxc1 23. Rxc1 Bd6 24. Nf3 Nxe3 25. Bxe3 e5 26. Bxb5 f4 27. Bc5
Bxc5+ 28. Rxc5 Qb6 29. b4 Rc8 30. Qc1 e4 31. Ng5 Bd5 32. Kh1 Rxc5 33. Qxc5 Qxc5
34. bxc5 h6 35. Nh3 g5 36. Kg1 e3 37. c6 Kg7 38. c7 Bb7 39. Bd7 e2 40. Kf2 f3
41. gxf3 g4 42. fxg4 Kf6 43. c8=Q Bxc8 44. Bxc8 Ke5 45. Kxe2 Kd4 46. Kf3 Kc4
47. a4 1-0

[Event "Madrid-ch Previa A"]
[Site "Madrid ESP"]
[Date "2016.02.08"]
[Round "1.15"]
[White "Martinez Carrasco, Jesus"]
[Black "Marin Aso, Jose Luis"]
[Result "0-1"]
[WhiteElo "1624"]
[BlackElo "1846"]
[PlyCount "32"]
[EventDate "2016.02.08"]
[EventType "swiss"]
[EventRounds "9"]
[EventCountry "ESP"]
[SourceDate "2016.02.08"]

1. d4 Nf6 2. c4 g6 3. Nc3 Bg7 4. Nf3 O-O 5. e4 d6 6. Be2 e5 7. d5 a5 8. a4 Na6
9. O-O Nc5 10. Qc2 Nh5 11. Re1 Nf4 12. Bf1 f5 13. g3 fxe4 14. Nxe4 Nh3+ 15. Kg2
Nxe4 16. Qxe4 Bf5 0-1

[Event "Madrid-ch Previa A"]
[Site "Madrid ESP"]
[Date "2016.02.08"]
[Round "1.16"]
[White "Corral Aragon, Juan Maria"]
[Black "Marcelo De La Mata, Daniel"]
[Result "0-1"]
[WhiteElo "1841"]
[BlackElo "1623"]
[PlyCount "119"]
[EventDate "2016.02.08"]
[EventType "swiss"]
[EventRounds "9"]
[EventCountry "ESP"]
[SourceDate "2016.02.08"]

1. e4 c5 2. Nf3 d6 3. d4 cxd4 4. Nxd4 Nf6 5. Nc3 g6 6. Bb5+ Bd7 7. Bg5 Bg7 8.
Qd2 O-O 9. Bh6 Bxb5 10. Bxg7 Kxg7 11. Ndxb5 Nc6 12. O-O-O a6 13. Nd4 Rc8 14.
Qg5 Nxd4 15. Rxd4 Rc5 16. Qxc5 dxc5 17. Rxd8 Rxd8 18. f3 Rd4 19. Ne2 Rd7 20. g4
b5 21. h4 e5 22. h5 gxh5 23. g5 Ne8 24. Rxh5 Kg6 25. Rh6+ Kxg5 26. Rxa6 Rd6 27.
Ra8 Nf6 28. Rc8 Nd7 29. Rg8+ Rg6 30. Rxg6+ fxg6 31. Kd2 h5 32. Ke3 h4 33. Ng1
Kh5 34. b3 g5 35. a4 bxa4 36. bxa4 Nb6 37. Kd3 Nxa4 38. Kc4 g4 39. Kd5 gxf3 40.
Nxf3 h3 41. Kxe5 Kg4 42. Nh2+ Kg3 43. Kd6 Kxh2 44. e5 Kg3 45. e6 h2 46. e7 h1=Q
47. e8=Q Qd1+ 48. Kc6 Qxc2 49. Qe5+ Kf3 50. Qh5+ Ke3 51. Qh3+ Kd4 52. Qd7+ Kc3
53. Qg7+ Kb4 54. Qb7+ Ka3 55. Qa7 c4 56. Qe7+ Ka2 57. Kb5 Qb3+ 58. Ka5 c3 59.
Qe3 Nb2 60. Qc1 0-1

[Event "Madrid-ch Previa A"]
[Site "Madrid ESP"]
[Date "2016.02.08"]
[Round "1.17"]
[White "Ballesteros Jimenez, Miguel A"]
[Black "Roldan Garcia, Angel"]
[Result "0-1"]
[WhiteElo "1607"]
[BlackElo "1838"]
[PlyCount "144"]
[EventDate "2016.02.08"]
[EventType "swiss"]
[EventRounds "9"]
[EventCountry "ESP"]
[SourceDate "2016.02.08"]

1. e4 c5 2. Nf3 e6 3. d4 cxd4 4. Nxd4 Nc6 5. Nc3 Qc7 6. Be3 a6 7. Qd2 Nf6 8.
O-O-O Bb4 9. f3 Ne5 10. Nb3 Nc4 11. Bxc4 Qxc4 12. Bd4 Be7 13. g4 d6 14. g5 Nh5
15. f4 O-O 16. Qf2 g6 17. Be3 b5 18. Qf3 Bb7 19. Na5 Qc7 20. Nxb7 Qxb7 21. Rhf1
b4 22. Na4 Qc6 23. b3 Rac8 24. Rd2 Rfd8 25. h4 d5 26. exd5 Rxd5 27. Nb6 Rxd2
28. Qxc6 Rxc6 29. Kxd2 Ng3 30. Re1 Nf5 31. Nc4 Nxh4 32. Kd3 Nf5 33. Bd2 Bc5 34.
Ne5 Rd6+ 35. Ke2 Nd4+ 36. Kd1 Nb5 37. Kc1 a5 38. Ng4 Bd4 39. Be3 Bg7 40. Bc5
Rc6 41. Be7 Nc3 42. Bf6 Nxa2+ 43. Kb2 Nc3 44. Bxg7 Kxg7 45. Nf6 Nd5 46. Nxd5
exd5 47. Re5 Rd6 48. Re7 d4 49. Re5 d3 50. cxd3 Rxd3 51. Rxa5 Rf3 52. Kc2 Rxf4
53. Rb5 h5 54. gxh6+ Kxh6 55. Kd3 f5 56. Ke3 Kh5 57. Rb6 Rg4 58. Kf3 Kh4 59.
Rb8 Kg5 60. Rb5 Rh4 61. Kg3 Rd4 62. Kf2 Kf4 63. Rb6 g5 64. Rb5 g4 65. Ke2 g3
66. Rb8 Re4+ 67. Kf1 Kf3 68. Rg8 Rd4 69. Ke1 g2 70. Rg5 Re4+ 71. Kd2 f4 72. Kd3
Re1 0-1

[Event "Madrid-ch Previa A"]
[Site "Madrid ESP"]
[Date "2016.02.08"]
[Round "1.18"]
[White "Fernandez Bonilla, M. Arcangel"]
[Black "Castro Uceda, Jose Antonio"]
[Result "1-0"]
[WhiteElo "1829"]
[BlackElo "1605"]
[PlyCount "73"]
[EventDate "2016.02.08"]
[EventType "swiss"]
[EventRounds "9"]
[EventCountry "ESP"]
[SourceDate "2016.02.08"]

1. e4 c5 2. Nf3 d6 3. d4 cxd4 4. Nxd4 Nf6 5. Nc3 a6 6. Bg5 e6 7. f4 Nbd7 8. Qf3
Be7 9. O-O-O O-O 10. g4 Rb8 11. Bxf6 Nxf6 12. g5 Ne8 13. h4 b5 14. Nc6 Qc7 15.
Nxb8 Qxb8 16. Bd3 Bb7 17. h5 b4 18. Ne2 d5 19. g6 Nf6 20. gxh7+ Kh8 21. e5 d4
22. Qg3 Bxh1 23. exf6 Bxf6 24. Rxh1 a5 25. Rg1 a4 26. Kb1 b3 27. cxb3 axb3 28.
a3 Re8 29. f5 e5 30. Qg2 Kxh7 31. Ng3 Rg8 32. Ne4 Qb6 33. h6 g6 34. fxg6+ fxg6
35. Bc4 Rf8 36. Qxg6+ Kh8 37. Bd3 1-0

[Event "Madrid-ch Previa A"]
[Site "Madrid ESP"]
[Date "2016.02.08"]
[Round "1.19"]
[White "Lopez Ziegler, Juan Jose"]
[Black "Cano Mercado, Francisco Manuel"]
[Result "1-0"]
[WhiteElo "1574"]
[BlackElo "1827"]
[PlyCount "109"]
[EventDate "2016.02.08"]
[EventType "swiss"]
[EventRounds "9"]
[EventCountry "ESP"]
[SourceDate "2016.02.08"]

1. d4 Nf6 2. Nf3 g6 3. Bf4 Bg7 4. e3 c5 5. Nbd2 O-O 6. Be2 b6 7. O-O Bb7 8. c3
d6 9. Re1 Nbd7 10. h3 Re8 11. Nc4 Ne4 12. Qc2 Rc8 13. Rad1 cxd4 14. exd4 Qc7
15. Bh2 b5 16. Ncd2 Nxd2 17. Qxd2 a6 18. Rc1 Nf6 19. Bf4 Bd5 20. a3 Qb7 21. Qe3
Rc7 22. Nh4 Ne4 23. Bf3 f5 24. g4 e5 25. dxe5 dxe5 26. Bxe4 Bxe4 27. Bg5 Rf7
28. gxf5 gxf5 29. f3 Bd5 30. Rcd1 f4 31. Qd3 Bc4 32. Qd6 Re6 33. Qd8+ Rf8 34.
Qd7 Qb6+ 35. Kg2 h6 36. Bd8 Rg6+ 37. Nxg6 Qxg6+ 38. Qg4 Qc2+ 39. Kg1 Bf7 40.
Bf6 Bg6 41. Bxg7 Kxg7 42. Qd7+ Rf7 43. Qe6 Bf5 44. Qxe5+ Kh7 45. Qe2 Rg7+ 46.
Kh2 Qb3 47. Rg1 Qf7 48. Rxg7+ Kxg7 49. Qe5+ Kh7 50. Qxf4 Qe6 51. Rd2 Bg6 52.
Qc7+ Bf7 53. Rg2 Qf6 54. f4 Qe6 55. Qe5 1-0

[Event "Madrid-ch Previa A"]
[Site "Madrid ESP"]
[Date "2016.02.08"]
[Round "1.20"]
[White "Lopez Peral, Enrique"]
[Black "Ramos Antona, Enrique"]
[Result "1/2-1/2"]
[WhiteElo "1816"]
[BlackElo "1561"]
[PlyCount "109"]
[EventDate "2016.02.08"]
[EventType "swiss"]
[EventRounds "9"]
[EventCountry "ESP"]
[SourceDate "2016.02.08"]

1. e4 e5 2. Bc4 Nf6 3. d3 Nc6 4. Nf3 Be7 5. Nc3 d6 6. Be3 Na5 7. Bb3 Nxb3 8.
axb3 Bg4 9. h3 Bxf3 10. Qxf3 a6 11. O-O h6 12. d4 Nd7 13. Rad1 O-O 14. Qg3 Bh4
15. Qg4 Bg5 16. f4 exf4 17. Bxf4 Nf6 18. Bxg5 hxg5 19. Qxg5 Nd7 20. Qg4 c6 21.
Rd3 Nf6 22. Qg5 Nh7 23. Qf4 Qe7 24. Rg3 g5 25. Qf5 Qe6 26. Rgf3 Rae8 27. Rg3 f6
28. h4 Qxf5 29. Rxf5 Kg7 30. Kf2 Kg6 31. Rg4 d5 32. Rf3 Kh5 33. Rfg3 gxh4 34.
Rxh4+ Kxh4 35. Rh3+ Kg4 36. Rxh7 dxe4 37. Rxb7 e3+ 38. Ke2 f5 39. Rg7+ Kh5 40.
d5 cxd5 41. Nxd5 f4 42. c4 Rb8 43. b4 Rf5 44. g4+ fxg3 45. Rxg3 Rxd5 46. cxd5
Rxb4 47. Kxe3 Rxb2 48. d6 Rb6 49. d7 Rd6 50. Rg7 Kh6 51. Re7 Kg6 52. Kf4 Kf6
53. Rh7 Ke6 54. d8=Q Rxd8 55. Rh6+ 1/2-1/2

[Event "Madrid-ch Previa A"]
[Site "Madrid ESP"]
[Date "2016.02.08"]
[Round "1.21"]
[White "Martin Garcia, Francisco Javie"]
[Black "Lopez Heras, Arturo"]
[Result "1-0"]
[WhiteElo "1553"]
[BlackElo "1812"]
[PlyCount "33"]
[EventDate "2016.02.08"]
[EventType "swiss"]
[EventRounds "9"]
[EventCountry "ESP"]
[SourceDate "2016.02.08"]

1. e4 g6 2. d4 Bg7 3. Nc3 d6 4. f3 Nf6 5. Be3 O-O 6. Qd2 c6 7. O-O-O b5 8. g4
Qa5 9. Kb1 Nbd7 10. Bh6 b4 11. Nce2 Bxh6 12. Qxh6 e5 13. h4 Kh8 14. h5 Ng8 15.
Qg5 f6 16. hxg6 Rf7 17. Qh4 1-0

[Event "Madrid-ch Previa A"]
[Site "Madrid ESP"]
[Date "2016.02.08"]
[Round "1.22"]
[White "Jimenez Gonzalez, Marcos"]
[Black "Veuthey Martinez, Eloy"]
[Result "1/2-1/2"]
[WhiteElo "1807"]
[BlackElo "1537"]
[PlyCount "100"]
[EventDate "2016.02.08"]
[EventType "swiss"]
[EventRounds "9"]
[EventCountry "ESP"]
[SourceDate "2016.02.08"]

1. d4 d6 2. c4 e5 3. dxe5 dxe5 4. Qxd8+ Kxd8 5. Nc3 Be6 6. e4 c6 7. Nf3 f6 8.
Be3 Nd7 9. O-O-O Kc7 10. Nd2 a5 11. Kb1 Bc5 12. Bxc5 Nxc5 13. Nb3 Nxb3 14. axb3
Nh6 15. h3 Nf7 16. Be2 Rad8 17. Kc2 Rxd1 18. Rxd1 Rd8 19. Ra1 b6 20. c5 bxc5
21. Rxa5 Rb8 22. Bc4 Bxc4 23. bxc4 Kb6 24. Ra1 Kc7 25. b3 Nd6 26. f3 Nb7 27. h4
h5 28. g4 Rh8 29. gxh5 Rxh5 30. Rg1 Rh7 31. Na4 Kd6 32. Rg4 Nd8 33. f4 exf4 34.
Rxf4 Ne6 35. Rg4 Rh5 36. Kd3 g5 37. hxg5 fxg5 38. Rg3 Ke5 39. Ke3 Rh1 40. Nxc5
Nxc5 41. Rxg5+ Kd6 42. Rg6+ Ne6 43. Rg3 Re1+ 44. Kd2 Rxe4 45. Kc3 Re1 46. Rh3
Rc1+ 47. Kb2 Re1 48. Kc3 Rc1+ 49. Kb2 Re1 50. Kc3 Rc1+ 1/2-1/2

[Event "Madrid-ch Previa A"]
[Site "Madrid ESP"]
[Date "2016.02.08"]
[Round "1.23"]
[White "Ojosnegros Martin, Angel"]
[Black "Martin-Consuegra Barrilero, Francisco Javier"]
[Result "0-1"]
[WhiteElo "1524"]
[BlackElo "1805"]
[PlyCount "112"]
[EventDate "2016.02.08"]
[EventType "swiss"]
[EventRounds "9"]
[EventCountry "ESP"]
[SourceDate "2016.02.08"]

1. e4 d5 2. exd5 Qxd5 3. Nc3 Qa5 4. d4 c6 5. g3 Bf5 6. Bd3 Bxd3 7. Qxd3 Nf6 8.
Bd2 Qa6 9. Qf3 e6 10. Nge2 Nbd7 11. O-O Be7 12. Rae1 O-O 13. a3 Nb6 14. Ne4
Nfd5 15. h4 Nc4 16. Bc1 b5 17. Kh2 b4 18. axb4 Bxb4 19. c3 Be7 20. b3 Nd6 21.
Nc5 Qc8 22. c4 Nb6 23. Bb2 Bf6 24. Ba1 Nd7 25. Nxd7 Qxd7 26. d5 cxd5 27. Bxf6
gxf6 28. Qxf6 Ne4 29. Qh6 f5 30. cxd5 Rf6 31. dxe6 Rxe6 32. Qc1 Rc8 33. Qf4 Rd6
34. Rg1 Kh8 35. Qe5+ Nf6 36. Nf4 Kg8 37. f3 Re8 38. Qc3 Rc8 39. Qe3 Nd5 40.
Nxd5 Rxd5 41. Qe6+ Qxe6 42. Rxe6 a5 43. Re3 Kf7 44. Kh3 Rb8 45. Rc1 Rb7 46.
Rcc3 Rdb5 47. Kg2 h5 48. g4 fxg4 49. fxg4 hxg4 50. Kg3 Rb4 51. Rc4 Rxb3 52.
Rxb3 Rxb3+ 53. Kxg4 Rb4 54. Rf4+ Rxf4+ 55. Kxf4 a4 56. h5 a3 0-1

[Event "Madrid-ch Previa A"]
[Site "Madrid ESP"]
[Date "2016.02.08"]
[Round "1.24"]
[White "Fernandez Aransay, Fernando"]
[Black "Jaumandreu Llopis, Antonio"]
[Result "1-0"]
[WhiteElo "1800"]
[BlackElo "1504"]
[PlyCount "65"]
[EventDate "2016.02.08"]
[EventType "swiss"]
[EventRounds "9"]
[EventCountry "ESP"]
[SourceDate "2016.02.08"]

1. e4 c5 2. Nf3 Nc6 3. d4 cxd4 4. Nxd4 Nf6 5. Nc3 e5 6. Ndb5 d6 7. Bg5 a6 8.
Bxf6 gxf6 9. Na3 f5 10. Qh5 b5 11. Naxb5 axb5 12. Bxb5 Qb6 13. exf5 Ba6 14. Qe2
Ra7 15. O-O Kd8 16. Rfd1 Bxb5 17. Qxb5 Qxb5 18. Nxb5 Rd7 19. c4 Na7 20. Rd5
Nxb5 21. cxb5 Bh6 22. a4 Kc7 23. a5 Ra8 24. b4 Bg5 25. Rad1 Be7 26. Kf1 f6 27.
Ke2 Kd8 28. Rc1 Rc8 29. Rc6 Rdc7 30. Rxc7 Rxc7 31. b6 Rc4 32. a6 Kc8 33. Ra5
1-0

[Event "Madrid-ch Previa A"]
[Site "Madrid ESP"]
[Date "2016.02.08"]
[Round "1.25"]
[White "Torres Alvarez, Augusto"]
[Black "Corredor San Jose, Antonio"]
[Result "0-1"]
[WhiteElo "1501"]
[BlackElo "1792"]
[PlyCount "40"]
[EventDate "2016.02.08"]
[EventType "swiss"]
[EventRounds "9"]
[EventCountry "ESP"]
[SourceDate "2016.02.08"]

1. d4 Nf6 2. c4 e6 3. Nf3 b6 4. Nc3 Bb7 5. Bg5 h6 6. Bh4 Be7 7. e3 O-O 8. Bd3
c5 9. O-O cxd4 10. exd4 d5 11. cxd5 Nxd5 12. Bxe7 Qxe7 13. Re1 Nd7 14. Nxd5
Bxd5 15. Be4 Bxe4 16. Rxe4 Nf6 17. Re2 Rfd8 18. Rc1 Nd5 19. Ne5 Qg5 20. Qd2 Nf4
0-1